Central Library OPAC University of Rajshahi

The astronomical works of Thabit b. Qurra / (Record no. 9866)

MARC details
000 -LEADER
fixed length control field 01174nam a22002652a 4500
001 - CONTROL NUMBER
control field 9866
003 - CONTROL NUMBER IDENTIFIER
rucl marc code BD-RjUL
005 - DATE AND TIME OF LATEST TRANSACTION
control field 20211208234843.0
008 - FIXED-LENGTH DATA ELEMENTS--GENERAL INFORMATION
fixed length control field 140122t1960 caua b 000 0 eng d
035 ## - SYSTEM CONTROL NUMBER
System control number (BD-RjUL)9911
040 ## - CATALOGING SOURCE
Original cataloging agency DLC
Transcribing agency DZM
Modifying agency SER
-- UKM
-- EQO
-- BD-RjUL
Language of cataloging eng
041 0# - LANGUAGE CODE
Language code of text/sound track or separate title englat
082 ## - DEWEY DECIMAL CLASSIFICATION NUMBER
Classification number 520.1
Edition number 16
Author mark and year QUA 1960
100 0# - MAIN ENTRY--PERSONAL NAME
Personal name Qurra, Thābit B.
9 (RLIN) 30483
245 04 - TITLE STATEMENT
Title The astronomical works of Thabit b. Qurra /
Statement of responsibility, etc. by Francis J. Carmody
260 ## - PUBLICATION, DISTRIBUTION, ETC. (IMPRINT)
Place of publication, distribution, etc. Berkeley :
Name of publisher, distributor, etc. University of California Press,
Date of publication, distribution, etc. 1960
300 ## - PHYSICAL DESCRIPTION
Pagination 262 p. :
Illustrations diagrs. ;
Size 26 cm
504 ## - BIBLIOGRAPHY, ETC. NOTE
Bibliography, etc Bibliography: p. [11]-12
505 0# - FORMATTED CONTENTS NOTE
Formatted contents note Thâbit's life and works. Thâbit's translations and revisions.--The minor Arabic tracts.--De anno solis. Latin text.--The four Latin tracts: De motu octaue spere. Versio M. Versio N.--The three other tracts. Latin texts.--De figura sectore.--De imaginibus. Latin texts.--Appendices: Critical method. Linguistic analysis. Specimens. Manuscripts not reported.--Glossaries
650 #0 - SUBJECT ADDED ENTRY--TOPICAL TERM
Topical term or geographic name as entry element Astronomy, Medieval
9 (RLIN) 30484
700 1# - ADDED ENTRY--PERSONAL NAME
Personal name Carmody, Francis J.
Fuller form of name (Francis James),
Dates associated with a name 1907-1982
942 ## - ADDED ENTRY ELEMENTS (KOHA)
Source of classification or shelving scheme Dewey Decimal Classification
Koha item type Books
Holdings
Lost status Source of classification or shelving scheme Damaged status Not for loan Collection code Permanent Location Current Location Shelving location Date acquired Source of acquisition Cost, normal purchase price Total Checkouts Full call number Date last seen Copy number Koha item type
  Dewey Decimal Classification   Not For Loan Non-fiction Central Library, University of Rajshahi Central Library, University of Rajshahi Reading Room 17/05/1965 Zeitlinger 48.00   520.1 QUA 1960 22/01/2014 C-1 Books